00980nam a2200241Ia 450000100060000000300090000600800410001504000130005604000130006904100130008210000280009510000290012324500440015224500880019625000110028426000110029526000090030626000490031530000560036450002520042065000350067265000310070719966IT-RoPAU130308s9999 xx 000 0 und d aIT-RoPAU cIT-RoPAU aITALIANO aSerracino Inglott Peter gCodice Aut. SPICS: 6574 aSintesi delle conclusioni dei workshops bMass Media e Famiglia-Atti del congresso internazionale (Milano, 25-29 Giugno 1981) a1a ed. aMILANO bCisf c1982 [1° Ed.:1982 - Ed.Ling.Originale:1981] a"5 p. (prefazione: no ; testo: 5 [pagine: 97-101])" aResponsabilità Dello Stato Diritto di comunicare Diritti dell'infanzia Responsabilità delle famiglie mezzi di Comunicazione di gruppo Formazione Alla Consapevolezza Critica Migliore Comunicazione tra I Comunicatori Rivisteorganismi Radiofonici aSAGGI DI COMUNICAZIONE SOCIALE eCodice materia Spics: 3807